Nombre de départements par région française. - Statistiques

Statistiques générales
  • Ce quiz a été pris 22 fois
  • Le résultat moyen est 16 sur 18
Statistiques - réponses
Hint Réponse % Correct
Auvergne-Rhône-Alpes 12
95%
Guadeloupe 1
90%
Guyane 1
90%
Martinique 1
90%
La Réunion 1
90%
Mayotte 1
90%
Corse 2
90%
Bretagne 4
90%
Grand Est 10
86%
Nouvelle-Aquitaine 12
86%
Occitanie 13
86%
Hauts-de-France 5
86%
Normandie 5
86%
Pays de la Loire 5
86%
Centre-Val de Loire 6
86%
Provence-Alpes-Côte d'Azur 6
86%
Bourgogne-Franche-Comté 8
86%
Île-de-France 8
86%
Aucun quiz correspondant
Distribution des résultats
% des personnes avec chaque résultat
Percentile par nombre de réponses
Votre historique - résultats
Vous n’avez pas pris ce quiz